|
|
|
|
| LEADER |
02134nam a2200613 4500 |
| 001 |
ocn868978068 |
| 003 |
OCoLC |
| 005 |
20170124071606.7 |
| 006 |
m o d |
| 007 |
cr cn||||||||| |
| 008 |
131122t20132013enka ob 001 0 eng d |
| 040 |
|
|
|a E7B
|b eng
|e rda
|e pn
|c E7B
|d OCLCO
|d DG1
|d N$T
|d UKDOC
|d OCLCF
|d COO
|d OCLCQ
|d DEBBG
|d GrThAP
|
| 020 |
|
|
|a 9781118707388
|q (electronic bk.)
|
| 020 |
|
|
|a 1118707389
|q (electronic bk.)
|
| 020 |
|
|
|a 9781118707418
|q (electronic bk.)
|
| 020 |
|
|
|a 1118707419
|q (electronic bk.)
|
| 020 |
|
|
|a 1118707370
|
| 020 |
|
|
|a 9781118707371
|
| 020 |
|
|
|z 9781118707371
|
| 029 |
1 |
|
|a CHBIS
|b 010442043
|
| 029 |
1 |
|
|a CHVBK
|b 334084210
|
| 029 |
1 |
|
|a GBVCP
|b 814286224
|
| 029 |
1 |
|
|a DEBBG
|b BV043396494
|
| 035 |
|
|
|a (OCoLC)868978068
|
| 050 |
|
4 |
|a SB318
|b .H67 2013eb
|
| 072 |
|
7 |
|a GAR
|x 002000
|2 bisacsh
|
| 072 |
|
7 |
|a GAR
|x 018000
|2 bisacsh
|
| 072 |
|
7 |
|a GAR
|x 025000
|2 bisacsh
|
| 072 |
|
7 |
|a SCI
|x 073000
|2 bisacsh
|
| 082 |
0 |
4 |
|a 635
|2 23
|
| 049 |
|
|
|a MAIN
|
| 245 |
0 |
0 |
|a Horticultural reviews.
|n Volume 41 /
|c edited by Jules Janick.
|
| 264 |
|
1 |
|a Chichester :
|b Wiley-Blackwell,
|c 2013.
|
| 264 |
|
4 |
|c ©2013
|
| 300 |
|
|
|a 1 online resource (568 pages) :
|b illustrations.
|
| 336 |
|
|
|a text
|b txt
|2 rdacontent
|
| 337 |
|
|
|a computer
|b c
|2 rdamedia
|
| 338 |
|
|
|a online resource
|b cr
|2 rdacarrier
|
| 490 |
1 |
|
|a Horticultural reviews ;
|v v. 41
|
| 504 |
|
|
|a Includes bibliographical references and indexes.
|
| 588 |
0 |
|
|a Online resource; title from PDF title page (ebrary, viewed November 22, 2013).
|
| 650 |
|
0 |
|a Horticulture.
|
| 650 |
|
0 |
|a Horticultural crops.
|
| 650 |
|
7 |
|a GARDENING
|x Essays.
|2 bisacsh
|
| 650 |
|
7 |
|a GARDENING
|x Reference.
|2 bisacsh
|
| 650 |
|
7 |
|a GARDENING
|x Vegetables.
|2 bisacsh
|
| 650 |
|
7 |
|a SCIENCE
|x Life Sciences
|x Horticulture.
|2 bisacsh
|
| 650 |
|
7 |
|a Horticultural crops.
|2 fast
|0 (OCoLC)fst00960739
|
| 650 |
|
7 |
|a Horticulture.
|2 fast
|0 (OCoLC)fst00960791
|
| 655 |
|
4 |
|a Electronic books.
|
| 700 |
1 |
|
|a Janick, Jules,
|d 1931-
|
| 830 |
|
0 |
|a Horticultural review ;
|v no. 41.
|
| 856 |
4 |
0 |
|u https://doi.org/10.1002/9781118707418
|z Full Text via HEAL-Link
|
| 994 |
|
|
|a 92
|b DG1
|